| 000 | 00546nam a2200205 a 4500 | ||
|---|---|---|---|
| 005 | 20210219152954.0 | ||
| 008 | 991125n 000 0 u | ||
| 035 | _aUPN01000069955 | ||
| 100 | 1 | _aBassey, Michael | |
| 222 | 0 | _aBRITISH EDUCATIONAL RESEARCH JOURNAL | |
| 245 | 0 | 0 | _aCreating education through research |
| 300 | _a3-16 | ||
| 362 | 0 | _a1992 Vol. 18, no. 1 | |
| 653 | 0 | _aCREENCIAS | |
| 653 | 0 | _aEVALUACION | |
| 653 | 0 | _aINVESTIGACION EDUCATIVA | |
| 653 | 0 | _aPOLITICAS DE EDUCACION | |
| 904 |
_aAC _b007766 |
||
| 905 | _aArticulo | ||
| 999 |
_c65171 _d65171 |
||